| 000 | 00690nmc a2200265 a 4500 | ||
|---|---|---|---|
| 003 | AR-BaBNM | ||
| 005 | 20251128204647.0 | ||
| 008 | 257019s1991 ||||||||||||||000 | spa|| | ||
| 020 | _a950-755-020-8 | ||
| 040 | _cAR-BaBNM | ||
| 100 | 1 | _aBarthe, Raquel M. | |
| 245 | 1 | 0 | _aEl secreto de Rigoberta |
| 260 |
_aBuenos Aires _bBraga _c1991 |
||
| 300 |
_a38 p. _bil. |
||
| 490 | 0 |
_aAlas de gorrión _vv. 3 |
|
| 500 | _aRecomendado para primeros grados | ||
| 650 | 4 | _aENSENANZA DE LA LECTURA | |
| 650 | 4 | _aLIBROS PARA NINOS | |
| 650 | 4 | _aLITERATURA INFANTIL | |
| 653 | _aLIBROS DE LECTURA | ||
| 653 | _aCUENTOS DE MISTERIO | ||
| 655 | _aLITERATURA | ||
| 942 | _cBK | ||
| 998 | _claura | ||
| 999 |
_c8272 _d8272 |
||